[Event "Yerevan"]
[Site "Yerevan"]
[Date "1976.??.??"]
[Round "?"]
[White "Gulko, Boris F"]
[Black "Vasiukov, Evgeni"]
[Result "0-1"]
[WhiteElo "2530"]
[BlackElo "2580"]
[PlyCount "142"]
[EventDate "1976.??.??"]
[EventType "tourn"]
[EventRounds "15"]
[EventCountry "URS"]
[Source "ChessBase"]
[SourceDate "1996.11.15"]
[WhiteTeamCountry "GER"]
[BlackTeamCountry "GER"]

1. d4 Nf6 2. c4 c5 3. d5 b5 4. cxb5 a6 5. Nc3 axb5 6. e4 b4 7. Nb5 d6 8. Nf3 g6
9. e5 dxe5 10. Nxe5 Bg7 11. Bc4 O-O 12. O-O Ba6 13. Re1 Bxb5 14. Bxb5 Qxd5 15.
Qc2 b3 16. Qe2 Rxa2 17. Rb1 Nfd7 18. Nxd7 Nxd7 19. Qxe7 Ne5 20. Bf4 c4 21. Rxe5
Rxb2 22. Rbe1 Qd4 23. Bg3 Bxe5 24. Qxe5 Qxe5 25. Bxe5 Rc2 26. g3 b2 27. Bxb2
Rxb2 28. Bxc4 Rc8 29. Re4 Kg7 30. Rf4 Rc7 31. Bd5 Rb6 32. Ra4 Rc2 33. Ra1 Rbb2
34. Rf1 Rd2 35. Bf3 f5 36. Kg2 Kf6 37. Bc6 Ke7 38. Bf3 Kd6 39. Ba8 Rdc2 40. Bf3
Ke5 41. Ba8 Ra2 42. Bf3 Rd2 43. Re1+ Kf6 44. Rf1 g5 45. h3 Kg6 46. Bc6 h5 47.
Be8+ Kh6 48. Bf7 Rab2 49. Be8 h4 50. gxh4 gxh4 51. Bc6 Kg5 52. Bf3 Kf4 53. Bc6
Rd3 54. Ba8 Rbb3 55. Rh1 Kg5 56. Bc6 f4 57. Be8 f3+ 58. Kh2 Rd2 59. Rf1 Kf4 60.
Bh5 Rb5 61. Bg4 Rbd5 62. Be6 Rd1 63. Rxd1 Rxd1 64. Bc4 Re1 65. Ba6 Re2 66. Kg1
Re7 67. Kh1 Rg7 68. Bf1 Ke5 69. Kh2 Kd4 70. Kh1 Kc3 71. Bb5 Kd2 0-1

[Event "Trencianske Teplice"]
[Site "Trencianske Teplice"]
[Date "1985.??.??"]
[Round "12"]
[White "Ftacnik, Lubomir"]
[Black "Plachetka, Jan"]
[Result "1/2-1/2"]
[WhiteElo "2500"]
[BlackElo "2450"]
[PlyCount "31"]
[EventDate "1985.11.??"]
[EventType "tourn"]
[EventRounds "15"]
[EventCountry "CZE"]
[EventCategory "9"]
[Source "ChessBase"]
[SourceDate "1996.11.15"]
[WhiteTeamCountry "GER"]
[BlackTeamCountry "GER"]

1. d4 Nf6 2. Nf3 c5 3. d5 g6 4. c4 b5 5. cxb5 a6 6. Nc3 axb5 7. e4 b4 8. Nb5 d6
9. e5 dxe5 10. Nxe5 Bg7 11. Bc4 O-O 12. O-O Bb7 13. d6 Nc6 14. Bf4 Nxe5 15.
Bxe5 Ne4 16. Bxg7 1/2-1/2

[Event "Warsaw"]
[Site "Warsaw"]
[Date "1990.??.??"]
[Round "10"]
[White "Epishin, Vladimir"]
[Black "Sznapik, Aleksander"]
[Result "1-0"]
[WhiteElo "2550"]
[BlackElo "2485"]
[PlyCount "69"]
[EventDate "1990.01.??"]
[EventType "tourn"]
[EventRounds "13"]
[EventCountry "POL"]
[EventCategory "9"]
[Source "ChessBase"]
[SourceDate "1996.11.15"]
[WhiteTeamCountry "GER"]
[BlackTeamCountry "GER"]

1. d4 Nf6 2. c4 c5 3. d5 b5 4. Nf3 g6 5. cxb5 a6 6. Nc3 axb5 7. e4 b4 8. Nb5 d6
9. e5 dxe5 10. Nxe5 Bg7 11. Bc4 O-O 12. O-O Bb7 13. d6 Nc6 14. Nxf7 Rxf7 15.
Re1 e5 16. Be3 Qd7 17. Nc7 Rd8 18. Bxc5 Na5 19. Bxf7+ Qxf7 20. Rxe5 Nc6 21. Re1
h5 22. Ne6 Rd7 23. h3 Nh7 24. Qb3 Nf8 25. Nxg7 Qxb3 26. axb3 Rxg7 27. Re8 Kf7
28. Rae1 Nd7 29. Bxb4 g5 30. Bc3 Rh7 31. b4 Kg6 32. b5 Ncb8 33. Rg8+ Kf5 34.
Re7 Rh6 35. Rxb8 1-0

[Event "Bratislava op"]
[Site "Bratislava"]
[Date "1993.??.??"]
[Round "7"]
[White "Golod, Vitali"]
[Black "Nesterov, Jakov"]
[Result "1-0"]
[WhiteElo "2490"]
[BlackElo "2485"]
[PlyCount "69"]
[EventDate "1993.??.??"]
[EventType "swiss"]
[EventRounds "9"]
[EventCountry "SVK"]
[Source "ChessBase"]
[SourceDate "1996.11.15"]
[WhiteTeamCountry "GER"]
[BlackTeamCountry "GER"]

1. d4 Nf6 2. c4 c5 3. d5 b5 4. cxb5 a6 5. Nc3 axb5 6. e4 b4 7. Nb5 d6 8. Bf4 g6
9. e5 Nh5 10. exd6 exd6 11. Qe2+ Kd7 12. Be3 Qe7 13. g4 Nf6 14. Bh3 Kd8 15. g5
Nh5 16. Bxc8 Kxc8 17. Nh3 Qe4 18. f3 Qxd5 19. O-O Qe6 20. Nf2 Nd7 21. Rfe1 Kb7
22. a3 b3 23. f4 Nb6 24. a4 Qc4 25. Qf3+ Qd5 26. Ne4 f5 27. gxf6 Nxf6 28. Bf2
Nxe4 29. Rxe4 Qc6 30. Rae1 Re8 31. Na7 Qd5 32. a5 Rxe4 33. Rxe4 Ka8 34. axb6
Be7 35. Nb5 1-0

[Event "Bundesliga 8283"]
[Site "Germany"]
[Date "1982.??.??"]
[Round "?"]
[White "Vogel, Robert"]
[Black "Gerusel, Mathias"]
[Result "1-0"]
[WhiteElo "2245"]
[BlackElo "2390"]
[PlyCount "95"]
[EventDate "1982.10.??"]
[EventType "team"]
[EventRounds "15"]
[EventCountry "GER"]
[Source "ChessBase"]
[SourceDate "1996.11.15"]
[WhiteTeam "Zaehringen"]
[BlackTeam "Porz"]
[WhiteTeamCountry "GER"]
[BlackTeamCountry "GER"]

1. d4 Nf6 2. c4 c5 3. d5 b5 4. cxb5 a6 5. Nc3 axb5 6. e4 b4 7. Nb5 d6 8. Bf4 g5
9. Be3 Nxe4 10. Bd3 Nf6 11. Bxg5 Bg7 12. Ne2 Nbd7 13. O-O Ne5 14. a4 Nxd3 15.
Qxd3 O-O 16. Rfe1 Qd7 17. Ng3 Ra5 18. b3 Kh8 19. Rac1 Qb7 20. Bxf6 Bxf6 21. Nh5
Bg5 22. Rc4 Bd7 23. h4 Bxb5 24. axb5 Bh6 25. Rce4 Ra7 26. Rxe7 Qxe7 27. Rxe7
Rxe7 28. Nf6 Re1+ 29. Kh2 Kg7 30. Qxh7+ Kxf6 31. Qxh6+ Ke7 32. Qg5+ Kd7 33. Qg7
Ke7 34. h5 Re5 35. h6 c4 36. bxc4 b3 37. h7 b2 38. Qxf8+ Kxf8 39. h8=Q+ Ke7 40.
Qh4+ Ke8 41. Qh8+ Ke7 42. Qh4+ Ke8 43. Qh8+ Ke7 44. Qh4+ Ke8 45. Qh8+ Ke7 46.
Qh4+ Ke8 47. Qh7 Re1 48. Qh8+ 1-0

[Event "World op"]
[Site "Philadelphia"]
[Date "1989.??.??"]
[Round "4"]
[White "Markzon, Gregory"]
[Black "Fedorowicz, John P"]
[Result "0-1"]
[WhiteElo "2240"]
[BlackElo "2505"]
[PlyCount "31"]
[EventDate "1989.06.??"]
[EventType "swiss"]
[EventRounds "10"]
[EventCountry "USA"]
[Source "ChessBase"]
[SourceDate "1996.11.15"]
[WhiteTeamCountry "GER"]
[BlackTeamCountry "GER"]

1. d4 Nf6 2. c4 c5 3. d5 b5 4. cxb5 a6 5. Nc3 axb5 6. e4 b4 7. Nb5 d6 8. Bf4 g5
9. e5 gxf4 10. exf6 Nd7 11. fxe7 Qxe7+ 12. Be2 Ne5 13. Kf1 Bg7 14. Qd2 O-O 15.
Qxf4 Ng6 16. Qc1 0-1

[Event "Budapest FS04 GM"]
[Site "Budapest"]
[Date "1993.??.??"]
[Round "7"]
[White "Koerholz, Ludger"]
[Black "Fogarasi, Tibor"]
[Result "0-1"]
[WhiteElo "2295"]
[BlackElo "2395"]
[PlyCount "120"]
[EventDate "1993.04.??"]
[EventType "tourn"]
[EventRounds "11"]
[EventCountry "HUN"]
[EventCategory "7"]
[Source "ChessBase"]
[SourceDate "1996.11.15"]
[WhiteTeamCountry "GER"]
[BlackTeamCountry "GER"]

1. d4 Nf6 2. c4 c5 3. d5 b5 4. cxb5 a6 5. Nc3 axb5 6. e4 b4 7. Nb5 d6 8. Bf4 g5
9. Bxg5 Nxe4 10. Bf4 Qa5 11. Bc4 Bg7 12. Qe2 b3+ 13. Kf1 f5 14. a4 O-O 15. h4
Qb4 16. Rh3 Rxa4 17. Rxa4 Qxa4 18. Rxb3 Bxb2 19. f3 Be5 20. Bxe5 Qxc4 21. Qxc4
Nd2+ 22. Kf2 Nxc4 23. Bf4 Na6 24. Ne2 Bd7 25. Na3 Ba4 26. Rb1 Nxa3 27. Ra1 Bb5
28. Rxa3 Bxe2 29. Kxe2 Nb4 30. Bh6 Rb8 31. g4 Nxd5 32. gxf5 Kf7 33. Ra1 Kf6 34.
Rg1 Kxf5 35. Rg7 Kf6 36. h5 Rb2+ 37. Ke1 Rh2 38. Rxh7 Rxh5 39. Bg7+ Kg6 40.
Rxh5 Kxh5 41. Bf8 Kg6 42. Kd2 Kh7 43. Kc1 Kg6 44. Kd2 Kf5 45. Kd3 Kf4 46. Ke2
Ke5 47. Kd3 Nf4+ 48. Ke3 Ng6 49. Bh6 Kd5 50. Kd3 Nh4 51. Ke2 Nf5 52. Bg5 Kc4
53. Kd2 Kb3 54. Kd3 d5 55. Bf4 c4+ 56. Kd2 Kb2 57. Kd1 d4 58. Bc1+ Kb1 59. Ba3
c3 60. f4 d3 0-1

[Event "Budapest FS04 GM"]
[Site "Budapest"]
[Date "1993.??.??"]
[Round "10"]
[White "Koerholz, Ludger"]
[Black "Leko, Peter"]
[Result "0-1"]
[WhiteElo "2295"]
[BlackElo "2465"]
[PlyCount "70"]
[EventDate "1993.04.??"]
[EventType "tourn"]
[EventRounds "11"]
[EventCountry "HUN"]
[EventCategory "7"]
[Source "ChessBase"]
[SourceDate "1996.11.15"]
[WhiteTeamCountry "GER"]
[BlackTeamCountry "GER"]

1. d4 Nf6 2. c4 c5 3. d5 b5 4. cxb5 a6 5. Nc3 axb5 6. e4 b4 7. Nb5 d6 8. Bf4 g5
9. Bxg5 Nxe4 10. Bf4 Bg7 11. Qe2 Nf6 12. Nxd6+ Kf8 13. Nxc8 Qxc8 14. d6 exd6
15. Bxd6+ Kg8 16. Qf3 Nc6 17. Ne2 Qe8 18. Bxc5 Ne4 19. Be3 b3 20. Nc1 Nd4 21.
Bxd4 Bxd4 22. Be2 Bxb2 23. Qg4+ Kf8 24. Nxb3 Bc3+ 25. Kf1 Bxa1 26. Nxa1 Rxa2
27. Nb3 Rb2 28. Bd3 Rxf2+ 29. Kg1 Rb2 30. Qxe4 Rxb3 31. Kf2 Rb2+ 32. Kf3 Qd8
33. Re1 Rg8 34. Bf1 Qf6+ 35. Ke3 Qc3+ 0-1

[Event "SVK-chT"]
[Site "Slovakia"]
[Date "1994.??.??"]
[Round "?"]
[White "Timoscenko, Genadij"]
[Black "Golod, Vitali"]
[Result "1-0"]
[WhiteElo "2540"]
[BlackElo "2490"]
[PlyCount "88"]
[EventDate "1994.??.??"]
[EventType "team"]
[EventRounds "13"]
[EventCountry "SVK"]
[Source "ChessBase"]
[SourceDate "1996.11.15"]
[WhiteTeamCountry "GER"]
[BlackTeamCountry "GER"]

1. d4 Nf6 2. c4 c5 3. d5 b5 4. cxb5 a6 5. Nc3 axb5 6. e4 b4 7. Nb5 d6 8. Bf4 g5
9. Bxg5 Nxe4 10. Bf4 Bg7 11. Qe2 Nf6 12. Nxd6+ Kf8 13. Nxc8 Qxc8 14. d6 exd6
15. Bxd6+ Kg8 16. Nf3 Qc6 17. Bg3 Nbd7 18. Qc2 Qe6+ 19. Be2 b3 20. Qc4 Rxa2 21.
Rxa2 bxa2 22. O-O Qxc4 23. Bxc4 Ne4 24. Bxa2 Nxg3 25. hxg3 Ne5 26. Nh4 Bf6 27.
Nf5 h5 28. Rd1 Kh7 29. f4 Ng4 30. Bxf7 Nh6 31. Nxh6 Kxh6 32. b3 Bd4+ 33. Kh2 h4
34. Bc4 Rf8 35. Rf1 hxg3+ 36. Kxg3 Kg7 37. Re1 Rf6 38. Kf3 Rh6 39. Re7+ Kf8 40.
Rf7+ Ke8 41. g4 Rh3+ 42. Ke4 Re3+ 43. Kf5 Re7 44. Rxe7+ Kxe7 1-0

[Event "London Lloyds"]
[Site "London"]
[Date "1993.??.??"]
[Round "7"]
[White "Timoscenko, Genadij"]
[Black "Nielsen, Uffe V"]
[Result "0-1"]
[WhiteElo "2540"]
[BlackElo "2350"]
[PlyCount "90"]
[EventDate "1993.08.??"]
[EventType "swiss"]
[EventRounds "10"]
[EventCountry "ENG"]
[Source "ChessBase"]
[SourceDate "1996.11.15"]
[WhiteTeamCountry "GER"]
[BlackTeamCountry "GER"]

1. d4 Nf6 2. c4 c5 3. d5 b5 4. cxb5 a6 5. Nc3 axb5 6. e4 b4 7. Nb5 d6 8. Bf4 g5
9. Bxg5 Nxe4 10. Bf4 Bg7 11. Qe2 Nf6 12. Nxd6+ Kf8 13. Nxc8 Qxc8 14. d6 exd6
15. Bxd6+ Kg8 16. Nf3 Qc6 17. Bg3 Nbd7 18. Qc2 Re8+ 19. Be2 Qe4 20. Rc1 Nb6 21.
Kf1 Qxc2 22. Rxc2 Ne4 23. Bf4 Nd5 24. Bc1 h6 25. g3 Kh7 26. Bd3 f5 27. Nh4 Rhf8
28. Kg2 Bd4 29. Re1 b3 30. axb3 Nb4 31. Rd1 Nxc2 32. Bxc2 Nxf2 33. Rd2 Ne4 34.
Re2 Nd6 35. Rxe8 Rxe8 36. Kf1 Kg7 37. Bf4 Be5 38. Be3 Bxg3 39. Bxh6+ Kxh6 40.
hxg3 Kg5 41. Kf2 Ne4+ 42. Kf3 Nxg3 43. Ng2 Ne2 44. Bd1 Nd4+ 45. Kf2 Rb8 0-1

[Event "World op"]
[Site "Philadelphia"]
[Date "1989.??.??"]
[Round "9"]
[White "Fang, Joseph"]
[Black "Veach, Joseph"]
[Result "1-0"]
[WhiteElo "2280"]
[BlackElo "2395"]
[PlyCount "93"]
[EventDate "1989.06.??"]
[EventType "swiss"]
[EventRounds "10"]
[EventCountry "USA"]
[Source "ChessBase"]
[SourceDate "1996.11.15"]
[WhiteTeamCountry "GER"]
[BlackTeamCountry "GER"]

1. d4 Nf6 2. c4 c5 3. d5 b5 4. cxb5 a6 5. Nc3 axb5 6. e4 b4 7. Nb5 d6 8. Bc4 g6
9. e5 dxe5 10. d6 exd6 11. Bg5 Bb7 12. Qb3 Bg7 13. O-O-O Ra6 14. Bxf7+ Kf8 15.
Nf3 Bxf3 16. gxf3 Qd7 17. Bc4 Rb6 18. Qd3 Ne8 19. h4 Qf5 20. Qb3 Qd7 21. Qd3 h6
22. Be3 Qf5 23. Qd5 Na6 24. Qa8 b3 25. axb3 Nb4 26. Qe4 Qxe4 27. fxe4 Nc6 28.
Rxd6 Nxd6 29. Bxc5 Nd4 30. Nxd4 exd4 31. Bxb6 Ke7 32. Bc5 Rc8 33. Ba3 Kd7 34.
Rg1 Nxc4 35. bxc4 Rxc4+ 36. Kd2 Rc6 37. f4 Rf6 38. f5 g5 39. Kd3 Rb6 40. hxg5
hxg5 41. Rxg5 Be5 42. Kc4 Rh6 43. Kd5 Bh8 44. Rg3 Rh5 45. Rb3 Rh6 46. Bc5 Ra6
47. Rd3 1-0

[Event "FRG-CupT"]
[Site "Germany"]
[Date "1990.??.??"]
[Round "?"]
[White "Breutigam, Martin"]
[Black "Fedorowicz, John P"]
[Result "0-1"]
[WhiteElo "2320"]
[BlackElo "2560"]
[PlyCount "63"]
[EventDate "1990.??.??"]
[EventType "team"]
[EventRounds "9"]
[EventCountry "GER"]
[Source "ChessBase"]
[SourceDate "1996.11.15"]
[WhiteTeamCountry "GER"]
[BlackTeamCountry "GER"]

1. d4 Nf6 2. c4 c5 3. d5 b5 4. cxb5 a6 5. Nc3 axb5 6. e4 b4 7. Nb5 d6 8. Bc4
Nbd7 9. Nf3 Nb6 10. Bd3 g6 11. b3 Bg7 12. Bb2 O-O 13. O-O e6 14. dxe6 Bxe6 15.
Qc2 Rc8 16. e5 dxe5 17. Nxe5 Qe7 18. Rae1 Rfd8 19. f4 c4 20. Bxc4 Nxc4 21. bxc4
Bxc4 22. Nxc4 Qc5+ 23. Kh1 Qxc4 24. Qxc4 Rxc4 25. Rc1 Re4 26. f5 g5 27. Rfd1
Rxd1+ 28. Rxd1 Re2 29. Rd8+ Ne8 30. h4 Bxb2 31. hxg5 Kg7 32. Nd4 0-1

[Event "Maribor"]
[Site "Maribor"]
[Date "1990.??.??"]
[Round "5"]
[White "Timoscenko, Gennadij"]
[Black "Zupe, Miran"]
[Result "1-0"]
[WhiteElo "2495"]
[BlackElo "2315"]
[PlyCount "57"]
[EventDate "1990.06.??"]
[EventType "tourn"]
[EventRounds "11"]
[EventCountry "YUG"]
[EventCategory "7"]
[Source "ChessBase"]
[SourceDate "1996.11.15"]
[WhiteTeamCountry "GER"]
[BlackTeamCountry "GER"]

1. d4 Nf6 2. c4 c5 3. d5 b5 4. cxb5 a6 5. Nc3 axb5 6. e4 Qa5 7. e5 b4 8. Nb5
Ba6 9. a4 bxa3+ 10. Bd2 Qb6 11. exf6 axb2 12. Rb1 Bxb5 13. Rxb2 Qxf6 14. Rxb5
Qe5+ 15. Be2 Qxd5 16. Bf3 Qe5+ 17. Ne2 Nc6 18. Bf4 Qf5 19. Bxc6 dxc6 20. Rb7
Rd8 21. Qa4 Qe6 22. O-O f6 23. Be3 g5 24. Rc7 Rd6 25. Bxc5 Rd5 26. Nd4 Qe4 27.
Qxc6+ Kf7 28. Nb5 Kg6 29. Nc3 1-0

[Event "Lloyds Bank op"]
[Site "London"]
[Date "1992.??.??"]
[Round "?"]
[White "Murshed, Niaz"]
[Black "Hodgson, Julian M"]
[Result "1-0"]
[WhiteElo "2505"]
[BlackElo "2535"]
[PlyCount "127"]
[EventDate "1992.08.??"]
[EventType "swiss"]
[EventRounds "10"]
[EventCountry "ENG"]
[Source "ChessBase"]
[SourceDate "1996.11.15"]
[WhiteTeamCountry "GER"]
[BlackTeamCountry "GER"]

1. d4 Nf6 2. c4 c5 3. d5 b5 4. Bg5 Ne4 5. Bf4 Qa5+ 6. Nd2 g5 7. Be5 Rg8 8. b4
Qxb4 9. Ngf3 g4 10. Rb1 Nc3 11. Rxb4 Nxd1 12. Rxb5 gxf3 13. exf3 d6 14. Ba1
Nxf2 15. Kxf2 Bh6 16. Ne4 Bd7 17. Rb1 Bf5 18. Bd3 Bg6 19. Rb7 Nd7 20. Rhb1 Bg7
21. f4 Bxa1 22. Rxa1 Kd8 23. a4 Kc8 24. Rab1 Rb8 25. Rxb8+ Nxb8 26. f5 Bxf5 27.
Nxd6+ exd6 28. Bxf5+ Kc7 29. Bxh7 Rg4 30. Bd3 Nd7 31. Be2 Rh4 32. a5 a6 33. h3
Ne5 34. Rb6 Nxc4 35. Bxc4 Rxc4 36. Rxa6 Rd4 37. Ra7+ Kb8 38. Rxf7 Rxd5 39. h4
c4 40. a6 Rd2+ 41. Kf3 c3 42. Rb7+ Ka8 43. Rc7 Rd3+ 44. Kf4 d5 45. h5 Rd4+ 46.
Kf3 Rd3+ 47. Kf2 Rd2+ 48. Kg3 Rd3+ 49. Kh2 Re3 50. h6 Re6 51. h7 Rh6+ 52. Kg3
c2 53. Rxc2 Rxh7 54. Kf4 Ka7 55. Ra2 d4 56. g4 Rd7 57. Ke4 d3 58. Ke3 Rd8 59.
Rd2 Rg8 60. Rg2 Rd8 61. Rd2 Rg8 62. Rg2 Rd8 63. g5 Rd6 64. Kd2 1-0

[Event "Prague Chip"]
[Site "Prague"]
[Date "1992.??.??"]
[Round "5"]
[White "Razuvaev, Yuri S"]
[Black "Mainka, Romuald"]
[Result "1/2-1/2"]
[WhiteElo "2575"]
[BlackElo "2455"]
[PlyCount "43"]
[EventDate "1992.01.??"]
[EventType "tourn"]
[EventRounds "13"]
[EventCountry "CZE"]
[EventCategory "11"]
[Source "ChessBase"]
[SourceDate "1996.11.15"]
[WhiteTeamCountry "GER"]
[BlackTeamCountry "GER"]

1. d4 Nf6 2. c4 c5 3. d5 b5 4. Nf3 Bb7 5. a4 Qa5+ 6. Bd2 b4 7. Bg5 d6 8. Nbd2
Nbd7 9. e4 h6 10. Bxf6 exf6 11. g3 g6 12. Bh3 Bg7 13. O-O h5 14. Qc2 Ne5 15.
Nh4 Ng4 16. Rae1 Bc8 17. Bg2 Bd7 18. h3 Nh6 19. f4 O-O-O 20. f5 g5 21. Nhf3 g4
22. Nh4 1/2-1/2

[Event "Stara Pazova"]
[Site "Stara Pazova"]
[Date "1988.??.??"]
[Round "10"]
[White "Indjic, Dusan"]
[Black "Plachetka, Jan"]
[Result "0-1"]
[WhiteElo "2370"]
[BlackElo "2400"]
[PlyCount "60"]
[EventDate "1988.10.??"]
[EventType "tourn"]
[EventRounds "13"]
[EventCountry "YUG"]
[EventCategory "9"]
[Source "ChessBase"]
[SourceDate "1996.11.15"]
[WhiteTeamCountry "GER"]
[BlackTeamCountry "GER"]

1. d4 Nf6 2. c4 c5 3. d5 b5 4. Nf3 g6 5. cxb5 a6 6. Nc3 axb5 7. d6 Bg7 8. e4 b4
9. Nb5 O-O 10. e5 Ng4 11. Bg5 Nc6 12. Qd5 e6 13. Qxc5 Qa5 14. Nd2 Bxe5 15. Nb3
Qa4 16. h3 Nf6 17. Qc2 Nd5 18. Bc4 Ba6 19. Bxd5 Bxb5 20. Bxc6 dxc6 21. d7 f6
22. Bh6 Rfd8 23. f4 Bc7 24. Rd1 Qxa2 25. Nd4 Ba4 26. Qc5 Rxd7 27. b3 Qxg2 28.
Rf1 Bxb3 29. Rb1 Qe4+ 30. Ne2 Qxb1+ 0-1

[Event "EU-chT (Men)"]
[Site "Haifa"]
[Date "1989.??.??"]
[Round "2"]
[White "Greenfeld, Alon"]
[Black "Polgar, Judit"]
[Result "0-1"]
[WhiteElo "2535"]
[BlackElo "2555"]
[PlyCount "80"]
[EventDate "1989.11.??"]
[EventType "team"]
[EventRounds "9"]
[EventCountry "ISR"]
[Source "ChessBase"]
[SourceDate "1996.11.15"]
[WhiteTeamCountry "GER"]
[BlackTeamCountry "GER"]

1. d4 Nf6 2. c4 c5 3. d5 b5 4. Nf3 g6 5. cxb5 a6 6. Nc3 axb5 7. d6 Bg7 8. e4
O-O 9. e5 Ng4 10. Bg5 Nxe5 11. Bxe7 Re8 12. Bxb5 Nec6 13. O-O Nxe7 14. dxe7
Rxe7 15. Qd5 Ra5 16. Qxc5 Na6 17. Qc4 Nc7 18. a4 Nxb5 19. axb5 Rxa1 20. Rxa1
Bb7 21. Qf4 h6 22. h3 Kh7 23. Rd1 f5 24. Nd5 Re2 25. b3 Rb2 26. Qd6 Bxd5 27.
Qxd5 Qb6 28. Nd4 Qc7 29. h4 Rd2 30. Re1 Rxd4 31. Qf7 Rxh4 32. g3 Re4 33. Rd1
Qc2 34. Qxd7 Qxb3 35. Kg2 Re5 36. Rd6 Qb1 37. Qf7 f4 38. Rd7 f3+ 39. Qxf3 Qxb5
40. Qf7 Qc6+ 0-1

[Event "London WFW"]
[Site "London"]
[Date "1988.??.??"]
[Round "4"]
[White "Sadler, Matthew"]
[Black "Hodgson, Julian M"]
[Result "0-1"]
[WhiteElo "2385"]
[BlackElo "2480"]
[PlyCount "86"]
[EventDate "1988.05.??"]
[EventType "tourn"]
[EventRounds "11"]
[EventCountry "ENG"]
[EventCategory "8"]
[Source "ChessBase"]
[SourceDate "1996.11.15"]
[WhiteTeamCountry "GER"]
[BlackTeamCountry "GER"]

1. d4 Nf6 2. c4 c5 3. d5 b5 4. Nf3 g6 5. cxb5 a6 6. Nc3 axb5 7. d6 Qa5 8. e3
exd6 9. Bxb5 Ne4 10. Bd2 Nxc3 11. Bxc3 Qxb5 12. a4 Qc4 13. Bxh8 Ba6 14. Rc1 Qe4
15. Qb3 Nc6 16. Bc3 Bh6 17. Qc2 Bd3 18. Qd2 d5 19. Rd1 c4 20. Rg1 f5 21. Ra1 f4
22. Kd1 fxe3 23. fxe3 Bxe3 24. Re1 Bxd2 25. Kxd2 O-O-O 26. Rxe4 Bxe4 27. Nd4
Rf8 28. Nxc6 dxc6 29. Bd4 Bxg2 30. Kc3 Rf4 31. a5 Rf3+ 32. Kb4 Rb3+ 33. Kc5 Kd7
34. Bg7 Rb5+ 35. Kd4 c5+ 36. Ke5 Rxb2 37. a6 d4 38. Bf8 Re2+ 39. Kf6 Rf2+ 40.
Kg7 Rf5 41. a7 c3 42. Re1 c2 43. Re7+ Kd8 0-1

[Event "Mitropa-Cup"]
[Site "Leibnitz"]
[Date "1990.??.??"]
[Round "3"]
[White "Groszpeter, Attila"]
[Black "Hertneck, Gerald"]
[Result "0-1"]
[WhiteElo "2555"]
[BlackElo "2520"]
[PlyCount "84"]
[EventDate "1990.09.??"]
[EventType "team"]
[EventRounds "7"]
[EventCountry "AUT"]
[Source "ChessBase"]
[SourceDate "1996.11.15"]
[WhiteTeamCountry "GER"]
[BlackTeamCountry "GER"]

1. d4 Nf6 2. c4 c5 3. d5 b5 4. Nf3 g6 5. cxb5 a6 6. Nc3 axb5 7. d6 Qa5 8. e3
exd6 9. Bxb5 Ne4 10. Qd3 Nxc3 11. bxc3 Ba6 12. Rb1 Be7 13. O-O O-O 14. c4 Qxa2
15. e4 Bxb5 16. cxb5 Ra4 17. Bb2 Rb4 18. Bc3 Qc4 19. Qe3 Rxb1 20. Rxb1 Re8 21.
Nd2 Qe6 22. Qd3 f5 23. f3 fxe4 24. fxe4 Bf6 25. Bxf6 Qxf6 26. Nc4 Qd4+ 27. Qxd4
cxd4 28. Ra1 d3 29. Ra8 Kg7 30. Kf2 Rxe4 31. Rxb8 Rxc4 32. Rb7 Rc2+ 33. Kf3 Kf6
34. Rxd7 Ke6 35. Rxh7 Rxg2 36. Ra7 Rxh2 37. b6 Rb2 38. b7 g5 39. Ke3 d2 40. Ke2
g4 41. b8=Q Rxb8 42. Kxd2 Rg8 0-1

[Event "Hastings Masters"]
[Site "Hastings"]
[Date "1990.??.??"]
[Round "?"]
[White "Levitt, Jonathan"]
[Black "Hebden, Mark"]
[Result "1-0"]
[WhiteElo "2480"]
[BlackElo "2520"]
[PlyCount "65"]
[EventDate "1990.??.??"]
[EventType "tourn"]
[EventRounds "11"]
[EventCountry "ENG"]
[EventCategory "9"]
[Source "ChessBase"]
[SourceDate "1996.11.15"]
[WhiteTeamCountry "GER"]
[BlackTeamCountry "GER"]

1. d4 Nf6 2. c4 c5 3. d5 b5 4. Nf3 b4 5. Nbd2 g6 6. e4 d6 7. a3 bxa3 8. Rxa3
Bg7 9. Bd3 O-O 10. O-O Na6 11. Re1 Nb4 12. Bb1 e5 13. Nf1 Nh5 14. Bg5 Qb6 15.
Qc1 Bd7 16. Ng3 Nf4 17. Bxf4 exf4 18. Qxf4 Bxb2 19. e5 Bxe5 20. Nxe5 dxe5 21.
Qh6 f5 22. Rxe5 Nxd5 23. Rxd5 Qxb1+ 24. Nf1 Rf7 25. Rad3 Qb7 26. h4 Re8 27. Rd6
Ree7 28. h5 g5 29. Ne3 f4 30. Qxg5+ Kh8 31. Ng4 Qb1+ 32. Kh2 Rf5 33. Qxe7 1-0

[Event "Hastings Masters"]
[Site "Hastings"]
[Date "1990.??.??"]
[Round "?"]
[White "Levitt, Jonathan"]
[Black "Wolff, Patrick G"]
[Result "0-1"]
[WhiteElo "2480"]
[BlackElo "2505"]
[PlyCount "78"]
[EventDate "1990.??.??"]
[EventType "tourn"]
[EventRounds "11"]
[EventCountry "ENG"]
[EventCategory "9"]
[Source "ChessBase"]
[SourceDate "1996.11.15"]
[WhiteTeamCountry "GER"]
[BlackTeamCountry "GER"]

1. d4 Nf6 2. c4 c5 3. d5 b5 4. Nf3 b4 5. Nbd2 g6 6. e4 Bg7 7. Bd3 d6 8. O-O O-O
9. Re1 e5 10. dxe6 Bxe6 11. e5 dxe5 12. Nxe5 Ng4 13. Ndf3 Nxe5 14. Nxe5 Bxe5
15. Rxe5 Bxc4 16. Re3 Nc6 17. b3 Qf6 18. Rb1 Bxd3 19. Bb2 Qf5 20. Qxd3 Qxd3 21.
Rxd3 Rad8 22. Rbd1 Rxd3 23. Rxd3 Rd8 24. Rxd8+ Nxd8 25. Bf6 Nb7 26. Kf1 Kf8 27.
g4 Ke8 28. Ke2 Kd7 29. Kd3 Ke6 30. Bg5 Nd6 31. h3 Kd5 32. Be7 Nb5 33. Bf6 Nc7
34. Bg5 Ne6 35. Be3 g5 36. f3 Nf4+ 37. Bxf4 gxf4 38. g5 a5 39. h4 c4+ 0-1